Where were they born #3 - Statistics

General Stats
  • This quiz has been taken 8 times
  • The average score is 8 of 30
Answer Stats
Person Profession Birthplace % Correct
Elton John Singer London
88%
Miranda Cosgrove Actress Los Angeles
88%
Sylvester Stallone Actor New York City
88%
Gloria Estefan Singer Havana
75%
Barack Obama 44th US President Honolulu
63%
Halle Berry Actress Cleveland
38%
Albert Pujols Former MLB Player Santo Domingo
38%
Steve Kerr NBA Coach Beirut
25%
Arnold Schwarzenegger Actor Thal
25%
Joe Burrow NFL Player Ames
13%
Chadwick Boseman Actor Anderson
13%
Cillian Murphy Actor Douglas, IRE
13%
Pink Singer Doylestown
13%
Buzz Adrin Astronaut Glen Ridge
13%
Ed Sheeran Singer Halifax
13%
Max Verstappen Formula 1 Driver Hasselt
13%
Seth McFarland Voice Actor Kent
13%
George Clooney Actor Lexington
13%
Olivia Rodrigo Actress, Singer Murrieta
13%
Angel Reese NCAAW Player Randallstown
13%
Alex Morgan Soccer Player San Dimas
13%
Fernando Tatis Jr MLB Player San Pedro de Macoris
13%
Giannis Antetokounmpo NBA Player Sepolia
13%
Nina Dobrev Actress Sofia
13%
Justin Jefferson NFL Player St Rose
13%
MrBeast YouTuber Wichita
13%
Vladimir Tarasenko NHL Player Yaroslavl
13%
Luka Modric Soccer Player Zadar
13%
Harry Kane Soccer Player Chingford
0%
Dolly Parton Country Singer Locust Ridge
0%
No matching quizzes found
Score Distribution
Percent of People with Each Score
Percentile by Number Answered
Your Score History
You have not taken this quiz